000 00500nam a2200193 a 4500
001 1761225639584
003 YourLibrary
005 20251024125043.0
008 251023s2009##################000#0#eng##
020 _a9780691139005
082 0 4 _a128.33
_bELS
100 1 _aElster, Jon,
_eauthor.
245 1 0 _aReason and Rationality :
260 _bPrinceton University Press,
_c2009.
300 _a92 pages
650 0 _aPhilosophy.
942 _cENGLISH
040 _aYourLibrary
_beng
_cYourLibrary
999 _c593295
_d593295